<?xml version="1.0" encoding="UTF-8"?>
<record
    xmlns:xsi="http://www.w3.org/2001/XMLSchema-instance"
    xsi:schemaLocation="http://www.loc.gov/MARC21/slim http://www.loc.gov/standards/marcxml/schema/MARC21slim.xsd"
    xmlns="http://www.loc.gov/MARC21/slim">

  <leader>01582nam a22003017a 4500</leader>
  <datafield tag="999" ind1=" " ind2=" ">
    <subfield code="c">62983</subfield>
    <subfield code="d">62983</subfield>
  </datafield>
  <controlfield tag="005">20240530110617.0</controlfield>
  <controlfield tag="008">161204s2013    ua bc  f b    001 0 ara d</controlfield>
  <datafield tag="017" ind1=" " ind2=" ">
    <subfield code="a">2013/4153 (&#x645;&#x62C;1)</subfield>
    <subfield code="b">&#x645;&#x635;&#x631; . &#x62F;&#x627;&#x631; &#x627;&#x644;&#x643;&#x62A;&#x628; &#x627;&#x644;&#x645;&#x635;&#x631;&#x64A;&#x629;</subfield>
  </datafield>
  <datafield tag="017" ind1=" " ind2=" ">
    <subfield code="a">2013/4154 (&#x645;&#x62C;2)</subfield>
    <subfield code="b">&#x645;&#x635;&#x631; . &#x62F;&#x627;&#x631; &#x627;&#x644;&#x643;&#x62A;&#x628; &#x627;&#x644;&#x645;&#x635;&#x631;&#x64A;&#x629;</subfield>
  </datafield>
  <datafield tag="017" ind1=" " ind2=" ">
    <subfield code="a">2013/4155 (&#x645;&#x62C;3)</subfield>
    <subfield code="b">&#x645;&#x635;&#x631; . &#x62F;&#x627;&#x631; &#x627;&#x644;&#x643;&#x62A;&#x628; &#x627;&#x644;&#x645;&#x635;&#x631;&#x64A;&#x629;</subfield>
  </datafield>
  <datafield tag="020" ind1=" " ind2=" ">
    <subfield code="a">9789771809605 (&#x645;&#x62C;1)</subfield>
  </datafield>
  <datafield tag="020" ind1=" " ind2=" ">
    <subfield code="a">9789771809616 (&#x645;&#x62C;2)</subfield>
  </datafield>
  <datafield tag="020" ind1=" " ind2=" ">
    <subfield code="a">9789771809623 (&#x645;&#x62C;3)</subfield>
  </datafield>
  <datafield tag="040" ind1=" " ind2=" ">
    <subfield code="a">EG-CaGPL</subfield>
  </datafield>
  <datafield tag="082" ind1="0" ind2="4">
    <subfield code="2">21</subfield>
    <subfield code="a">962.43</subfield>
    <subfield code="b">&#x642;/&#x639; &#x62A;</subfield>
  </datafield>
  <datafield tag="100" ind1="0" ind2=" ">
    <subfield code="a">&#x639;&#x645;&#x631; &#x637;&#x648;&#x633;&#x648;&#x646;</subfield>
    <subfield code="d">1872 - 1944</subfield>
    <subfield code="q">&#x639;&#x645;&#x631; &#x628;&#x646; &#x637;&#x648;&#x633;&#x648;&#x646; &#x628;&#x646; &#x645;&#x62D;&#x645;&#x62F; &#x633;&#x639;&#x64A;&#x62F; &#x628;&#x646; &#x645;&#x62D;&#x645;&#x62F; &#x639;&#x644;&#x64A;</subfield>
  </datafield>
  <datafield tag="245" ind1="1" ind2="0">
    <subfield code="a">&#x62A;&#x627;&#x631;&#x64A;&#x62E; &#x645;&#x62F;&#x64A;&#x631;&#x64A;&#x629; &#x62E;&#x637; &#x627;&#x644;&#x627;&#x633;&#x62A;&#x648;&#x627;&#x621; &#x627;&#x644;&#x645;&#x635;&#x631;&#x64A;&#x629; :</subfield>
    <subfield code="b">&#x645;&#x646; &#x641;&#x62A;&#x62D;&#x647;&#x627; &#x625;&#x644;&#x649; &#x636;&#x64A;&#x627;&#x639;&#x647;&#x627; &#x645;&#x646; &#x633;&#x646;&#x629; 1869 - 1889&#x645; /</subfield>
    <subfield code="c">&#x639;&#x645;&#x631; &#x637;&#x648;&#x633;&#x648;&#x646; &#x61B; &#x62A;&#x642;&#x62F;&#x64A;&#x645; &#x648;&#x62F;&#x631;&#x627;&#x633;&#x629; &#x627;&#x644;&#x633;&#x64A;&#x62F; &#x641;&#x644;&#x64A;&#x641;&#x644; &#x61B; &#x627;&#x639;&#x62F;&#x627;&#x62F; &#x648;&#x62A;&#x62D;&#x642;&#x64A;&#x642; &#x635;&#x641;&#x627;&#x621; &#x645;&#x62D;&#x645;&#x62F; &#x634;&#x627;&#x643;&#x631; </subfield>
  </datafield>
  <datafield tag="260" ind1=" " ind2=" ">
    <subfield code="a">&#x627;&#x644;&#x642;&#x627;&#x647;&#x631;&#x629; :</subfield>
    <subfield code="b">&#x62F;&#x627;&#x631; &#x627;&#x644;&#x643;&#x62A;&#x628; &#x648;&#x627;&#x644;&#x648;&#x62B;&#x627;&#x626;&#x642; &#x627;&#x644;&#x642;&#x648;&#x645;&#x64A;&#x629; &#x60C;</subfield>
    <subfield code="c">2013</subfield>
  </datafield>
  <datafield tag="300" ind1=" " ind2=" ">
    <subfield code="a">3 &#x645;&#x62C; : </subfield>
    <subfield code="b">&#x62E;&#x631;&#x627;&#x626;&#x637; &#x60C; &#x635;&#x648;&#x631; &#x634;&#x62E;&#x635;&#x64A;&#x629; &#x61B;</subfield>
    <subfield code="c">24 &#x633;&#x645; +</subfield>
    <subfield code="e">&#x645;&#x644;&#x627;&#x62D;&#x642;</subfield>
  </datafield>
  <datafield tag="504" ind1=" " ind2=" ">
    <subfield code="a">&#x628;&#x628;&#x644;&#x64A;&#x648;&#x62C;&#x631;&#x627;&#x641;&#x64A;&#x629; : &#x635; 301 -312</subfield>
  </datafield>
  <datafield tag="651" ind1="0" ind2="7">
    <subfield code="2">qrmak</subfield>
    <subfield code="a">&#x645;&#x635;&#x631;</subfield>
    <subfield code="x">&#x62A;&#x627;&#x631;&#x64A;&#x62E;</subfield>
  </datafield>
  <datafield tag="651" ind1="0" ind2="7">
    <subfield code="2">qrmak</subfield>
    <subfield code="a">&#x645;&#x635;&#x631;</subfield>
    <subfield code="x">&#x62A;&#x627;&#x631;&#x64A;&#x62E;</subfield>
    <subfield code="y">&#x627;&#x644;&#x639;&#x635;&#x631; &#x627;&#x644;&#x62D;&#x62F;&#x64A;&#x62B;</subfield>
  </datafield>
  <datafield tag="651" ind1="0" ind2="7">
    <subfield code="2">qrmak</subfield>
    <subfield code="a">&#x645;&#x635;&#x631;</subfield>
    <subfield code="x">&#x62A;&#x627;&#x631;&#x64A;&#x62E;</subfield>
    <subfield code="y">&#x627;&#x644;&#x639;&#x635;&#x631; &#x627;&#x644;&#x62D;&#x62F;&#x64A;&#x62B;</subfield>
    <subfield code="y">&#x627;&#x644;&#x62E;&#x62F;&#x64A;&#x648;&#x64A; &#x62A;&#x648;&#x641;&#x64A;&#x642; (1879-1892&#x645;)</subfield>
  </datafield>
  <datafield tag="700" ind1="0" ind2=" ">
    <subfield code="a">&#x627;&#x644;&#x633;&#x64A;&#x62F; &#x641;&#x644;&#x64A;&#x641;&#x644;</subfield>
    <subfield code="e">&#x645;&#x642;&#x62F;&#x645;</subfield>
  </datafield>
  <datafield tag="700" ind1="0" ind2=" ">
    <subfield code="a">&#x635;&#x641;&#x627;&#x621; &#x645;&#x62D;&#x645;&#x62F; &#x634;&#x627;&#x643;&#x631;</subfield>
    <subfield code="e">&#x645;&#x639;&#x62F;</subfield>
  </datafield>
  <datafield tag="942" ind1=" " ind2=" ">
    <subfield code="2">ddc</subfield>
    <subfield code="c">BK</subfield>
  </datafield>
  <datafield tag="952" ind1=" " ind2=" ">
    <subfield code="0">0</subfield>
    <subfield code="1">0</subfield>
    <subfield code="4">0</subfield>
    <subfield code="7">0</subfield>
    <subfield code="a">CAI</subfield>
    <subfield code="b">CAI</subfield>
    <subfield code="c">CAIRO-LIBRARY</subfield>
    <subfield code="d">2016-12-04</subfield>
    <subfield code="l">0</subfield>
    <subfield code="o">962.43 &#x642;/&#x639; &#x62A;	</subfield>
    <subfield code="p">162920</subfield>
    <subfield code="r">2016-12-04 00:00:00</subfield>
    <subfield code="w">2016-12-04</subfield>
    <subfield code="y">BK</subfield>
  </datafield>
  <datafield tag="952" ind1=" " ind2=" ">
    <subfield code="0">0</subfield>
    <subfield code="1">0</subfield>
    <subfield code="4">0</subfield>
    <subfield code="7">0</subfield>
    <subfield code="a">CAI</subfield>
    <subfield code="b">CAI</subfield>
    <subfield code="c">CAIRO-LIBRARY</subfield>
    <subfield code="d">2019-12-01</subfield>
    <subfield code="l">0</subfield>
    <subfield code="o">962.43 &#x642;/&#x639; &#x62A;	</subfield>
    <subfield code="p">166768</subfield>
    <subfield code="r">2019-12-01 00:00:00</subfield>
    <subfield code="w">2019-12-01</subfield>
    <subfield code="y">BK</subfield>
  </datafield>
  <datafield tag="952" ind1=" " ind2=" ">
    <subfield code="0">0</subfield>
    <subfield code="1">0</subfield>
    <subfield code="4">0</subfield>
    <subfield code="7">0</subfield>
    <subfield code="a">CAI</subfield>
    <subfield code="b">CAI</subfield>
    <subfield code="c">CAIRO-LIBRARY</subfield>
    <subfield code="d">2019-12-01</subfield>
    <subfield code="l">0</subfield>
    <subfield code="o">962.43 &#x642;/&#x639; &#x62A;</subfield>
    <subfield code="p">166769</subfield>
    <subfield code="r">2019-12-01 00:00:00</subfield>
    <subfield code="w">2019-12-01</subfield>
    <subfield code="y">BK</subfield>
  </datafield>
</record>
